| 000 | 00529nam a22002057a 4500 | ||
|---|---|---|---|
| 005 | 20260122163317.0 | ||
| 008 | 260122b |||||||| |||| 00| 0 eng d | ||
| 020 |
_a9788123923499 _c350.00 |
||
| 040 | _aMAIN | ||
| 041 | _aEnglish | ||
| 082 |
_a363.73 _bAMB |
||
| 100 |
_aAmbasht, R.S. _926021 |
||
| 245 |
_aEnvironmental and Pollution _b: an ecological approach |
||
| 250 | _a5th | ||
| 260 |
_aNew Delhi _bCBS _c2023 |
||
| 300 | _a332 | ||
| 650 |
_aEnvironment Science _9310 |
||
| 700 |
_aAmbasht, R.K. _926022 |
||
| 942 | _cBK | ||
| 999 |
_c60068 _d60068 |
||